000 00561nam a2200205Ia 4500
003 GCL
008 140319s9999 xx 000 0 ara d
040 _aGCL /
_cGCL
082 0 4 _a811.6
_bا ا
100 1 _aاميل ناصيف
245 1 0 _aاروع ماقبل من الموشحات /
_cاميل ناصيف
260 _a[S.N] :
_bدار الجيل
300 _a160 ص
490 _a
650 0 4 _aالشعر
650 0 4 _aالشعر الغنائى
650 0 4 _aالموشحات
650 0 4 _aالموشحات الاندلسية
942 _2ddc
_cBK
999 _c55903
_d55903